00514nam a2200181Ia 4500008004100000020002200041041000800063082001600071100001600087245009900103250000600202260005200208300001500260365001200275440000700287650001900294650001900313210719s2019 xx 000 0 und d a978-81-207-1015-3 aeng a954.02 MEHA aMEHTA (J L) aAdvanced study in the history of medieval India:the Mughal empire Vol II (1526-1707 A.D). Ed 2 a2 aNew Delhi.bSterling Publishers Pvt Ltd.,c2019 axx,604bPB b400cRs vII aIndian History aIndian History